1577 1257 1006 1806 1038 1140 1696 1508 1917 1158 1886 1427 1177 1165 1245 1400 1074 1001 1289 1552 1424 1277 1789 1438 1043 1873 1342 1941 1294 1160 1459 1361 1216 1614 1170 1834 1860 1715 1897 1353 1750 1868 1526 1611 1914 1360 1330 1907 1084 1052 1687 1850 1997 1194 1718 1833 1774 1560 1509 1120 1941 1796 1202 1818 1222 1542 1756 1454 1956 1646 1195 1141 1179 1268 1872 1110 1870 1083 1608 1358 1772 1738 1290 1279 1840 1921 1404 1002 1763 1271 1660 1447 1288 1601 1432 1726 1859 1730 1656 BCNSPRNW ULIB Ver.6.0+V

เปลี่ยนเป็นภาษาไทย

Change to English
 แสดงรายละเอียดบรรณานุกรม
  กลับหน้าหลัก

Brief Record : Get Marc (ISO 2709) : E-mail record : QR code < ปิดหน้าต่าง
LEADER : 00000nam 2200000uu 4500
001    13399111904
003     ULIB
008    110712s2552||||th 000 0 tha d
024    9786160600663
090    นว.^bR111C 2552
100 0  Rose Quartz
245 00 Champpion s story บุพเพรักกิ๊กกั๊กหัวใจ/cRose Quartz
260    กรุงเทพฯ:^bแจ่มใส,^c2552
300    204 หน้า.
945    ^p149^l0^i026772
995    เกษร
999 ^a ใช้งานได้ทุกระบบ
รายการนี้ยังไม่มีแท็ก
คุณยังไม่ได้ล็อกอิน คุณสามารถมีกิจกรรมร่วมกับเว็บไซต์ได้ แต่ต้องล็อกอินก่อน ::
  ล็อกอิน

รายการสื่อสารสนเทศ

ลำดับที่ ประเภท เลขเรียก/บาร์โค้ด สถานที่ สถานะ
1. นวนิยาย
นวนิยาย
นว. R111C 2552  
  Barcode: 026772
ห้องสมุดวิทยาเขตสวรรค์ประชารักษ์
►นวนิยาย
บนชั้น
  ขอยืม

BibComment


ยังไม่เคยถูกคอมเมนท์

คอมเมนท์ทรัพยากรรายการนี้
  คอมเมนท์: Champpion s story..


 Copyright 2026. Bcnsprnw @Library